000 00621cam a22002058i 4500
999 _c57407
_d57407
001 19693382
005 20240404144705.0
008 170606s2018 enk b 001 0 eng
020 _a9781138196353x
041 _aeng
080 _a614 G-64
100 1 _aGoodman, Melody S.,
_98463
245 1 0 _aBiostatistics for clinical and public health research /
_cMelody S. Goodman.
264 1 _aNew York, NY :
_bRoutledge,
_c2018.
300 _a558 p.:
_bill.;
_c25 cm.
653 _aბიოსტატისტიცა
653 _aმედიცინა
653 _aჯანდაცვა
942 _2udc
_cBK